| 000 | 01708nam a2200409Ii 4500 | ||
|---|---|---|---|
| 001 | DIGVERBUM1547 | ||
| 003 | NyNyDIG | ||
| 006 | m o d | ||
| 007 | cr ||||||||||| | ||
| 008 | 250204s2022 sp ob 000 0 spa d | ||
| 035 | _a(OCoLC)1500527567 | ||
| 040 |
_aDGITA _beng _erda _epn _cDGITA |
||
| 020 | _z9788413378688 | ||
| 050 | 1 | 4 | _aPQ6208.F45 ebook |
| 100 | 1 |
_aGhersi, Ericka, _d1972- _eauthor. |
|
| 245 | 1 | 0 |
_aPensamientos y prácticas feministas en el Perú : _b(la poesía limeña de los 80 y 90) / _cEricka Ghersi. |
| 264 | 1 |
_aLa Poveda (Arganda del Rey), Madrid : _bEditorial Verbum, _c[2022] |
|
| 300 | _a1 online resource. | ||
| 336 |
_atext _btxt _2rdacontent |
||
| 337 |
_acomputer _bc _2rdamedia |
||
| 338 |
_aonline resource _bcr _2rdacarrier |
||
| 347 |
_atext file _2rdaft |
||
| 347 | _bPDF | ||
| 490 | 1 | _aVerbum Ensayo | |
| 500 | _a"Disertación presentada a la universidad de La Florida para obtener el Doctorado". | ||
| 504 | _aIncludes bibliographical references. | ||
| 588 | 0 | _aOnline resource; title from PDF title page (Digitalia, viewed February 4, 2025) | |
| 650 | 0 |
_aFeminist poetry, Spanish _y20th century _xHistory and criticism. |
|
| 650 | 0 |
_aPeruvian poetry _xWomen authors _y20th century. |
|
| 791 | 2 |
_aDigitalia (Firm), _edistributor. |
|
| 793 | 0 |
_gDigitalia eBook Collection: _aVerbum |
|
| 776 | 0 | 8 |
_iPrint version: _aGhersi, Ericka, 1972- _tPensamientos y prácticas feministas en el Perú. _dLa Poveda (Arganda del Rey), Madrid : Editorial Verbum, [2022] _z9788413378688 |
| 830 | 0 | _aEnsayo (Editorial Verbum) | |
| 856 | 4 | 0 |
_3Digitalia Hispánica _uhttps://www.digitaliapublishing.com/a/139126/ |
| 910 | _aPremium collection: 2025 | ||
| 942 | _cRAA | ||
| 999 |
_c285205 _d285205 |
||